Catàleg del Fons Lluís Plandiura de l'Arxiu Històric de la Ciutat / realitzat per Eloïsa Sendra i Salillas
Descripción Física:
233 p. ; 30 cm
MARC
| LEADER | 00000nam a2200000Ia 4500 | ||
|---|---|---|---|
| 001 | 11194 | ||
| 008 | 160829s1995 xx 000 0 cat d | ||
| 080 | |a A-1-55 | ||
| 100 | |a Sendra i Salillas, Eloïsa |9 19952 | ||
| 245 | |a Catàleg del Fons Lluís Plandiura de l'Arxiu Històric de la Ciutat / realitzat per Eloïsa Sendra i Salillas | ||
| 260 | |a Barcelona : |b Arxiu Històric de la Ciutat, |c 1995 | ||
| 300 | |a 233 p. ; |c 30 cm | ||
| 490 | |a Col·lecció Inventaris i catàlegs de l'Arxiu Municipal ; 5 | ||
| 650 | |a Arxiu Històric de la Ciutat (Barcelona) |x Catàlegs |9 19953 | ||
| 650 | |a Plandiura i Pou, Lluís |x Catàlegs |9 19954 | ||
| 650 | |a Exposició Universal de Barcelona (1929) |x Catàlegs |9 19955 | ||
| 710 | 2 | |a Arxiu Municipal de Barcelona |9 55021 | |
| 901 | |a Arxiu | ||
| 942 | |n 1 | ||
| 952 | |0 0 |1 0 |4 0 |6 A155 |7 1 |9 41384 |a Arxiu |b Arxiu |d 2016-12-01 |l 0 |o A-1-55 |p 11194 |r 2016-12-01 00:00:00 |w 2016-12-01 |y ARXIU | ||
| 999 | |c 43191 |d 43191 | ||